| Tag |
First Indicator |
Second Indicator |
Subfields |
| LEADER |
00000cjm a2200000 a 4500 |
| 001 |
in00003816396 |
| 005 |
20170926134617.0 |
| 007 |
sd fsngnnmmned |
| 008 |
040504s2003 ohurcnn n eng d |
| 010 |
|
|
|a 2004575992
|
| 020 |
|
|
|a 0967575648
|
| 020 |
|
|
|a 9780967575643
|
| 024 |
1 |
|
|a 808817000929
|
| 028 |
0 |
2 |
|a 1001-CD
|b Monolith Graphics
|
| 035 |
|
|
|a (OCoLC)ocm61342847
|
| 040 |
|
|
|a IMD
|b eng
|c DLC
|d IMD
|d OCLCF
|d OHRRH
|d OCLCO
|d OCLCQ
|d OCLCO
|d OCLCQ
|d UtOrBLW
|
| 042 |
|
|
|a lccopycat
|
| 049 |
|
|
|a TXAM
|
| 090 |
|
|
|a M1630.18.N6995
|b D37 2003
|
| 110 |
2 |
|
|a Nox Arcana (Musical group),
|e performer.
|0 http://id.loc.gov/authorities/names/n2005084593
|
| 245 |
1 |
0 |
|a Darklore manor /
|c Nox Arcana.
|
| 264 |
|
1 |
|a [Cleveland, Ohio] :
|b Monolith Graphics,
|c [2003]
|
| 264 |
|
4 |
|c ℗2003
|
| 300 |
|
|
|a 1 audio disc (47 min., 30 sec.) :
|b digital ;
|c 4 3/4 in.
|
| 336 |
|
|
|a performed music
|b prm
|2 rdacontent
|
| 337 |
|
|
|a audio
|b s
|2 rdamedia
|
| 338 |
|
|
|a audio disc
|b sd
|2 rdacarrier
|
| 511 |
0 |
|
|a Nox Arcana (Joseph Vargo and William Piotrowski, composers and performers ; words and voices by Joseph Vargo ; with narration by Christine Filipak).
|
| 518 |
|
|
|a Recorded and mixed at Phantom Zone Studios.
|
| 500 |
|
|
|a "Based on the Legend of Darklore Manor"--Insert.
|
| 500 |
|
|
|a Compact disc.
|
| 505 |
0 |
|
|a Legend -- Darklore manor -- Threshold of the dead -- Trespassers -- Veil of darkness -- Sanctuary of shadows -- The grande hall -- Remnants -- Phantom procession -- Belladonna -- Nursery rhyme -- Music box -- The forgotten -- Nightmare -- No rest for the wicked -- Omen -- Seance -- Beyond midnight -- Darkness immortal -- Incantation -- Resurrected.
|
| 500 |
|
|
|a Sound recording.
|
| 650 |
|
0 |
|a Gothic rock music.
|0 http://id.loc.gov/authorities/subjects/sh2002002865
|
| 650 |
|
0 |
|a Rock music
|y 2001-2010.
|0 http://id.loc.gov/authorities/subjects/sh2001004786
|
| 650 |
|
7 |
|a Gothic rock music.
|2 fast
|0 (OCoLC)fst00945088
|
| 650 |
|
7 |
|a Rock music.
|2 fast
|0 (OCoLC)fst01099204
|
| 648 |
|
7 |
|a 2001 - 2010
|2 fast
|
| 655 |
|
7 |
|a Gothic rock music.
|2 fast
|0 (OCoLC)fst01726629
|
| 655 |
|
7 |
|a New wave music.
|2 fast
|0 (OCoLC)fst01726685
|
| 655 |
|
7 |
|a Rock music.
|2 fast
|0 (OCoLC)fst01726724
|
| 655 |
|
7 |
|a Rock music.
|2 lcgft
|0 http://id.loc.gov/authorities/genreForms/gf2014027054
|
| 655 |
|
7 |
|a Gothic rock music.
|2 lcgft
|0 http://id.loc.gov/authorities/genreForms/gf2014026840
|
| 655 |
|
7 |
|a New wave music.
|2 lcgft
|0 http://id.loc.gov/authorities/genreForms/gf2014026963
|
| 740 |
0 |
2 |
|a Legend.
|
| 740 |
0 |
2 |
|a Threshold of the dead.
|
| 740 |
0 |
2 |
|a Trespassers.
|
| 740 |
0 |
2 |
|a Veil of darkness.
|
| 740 |
0 |
2 |
|a Sanctuary of shadows.
|
| 740 |
0 |
2 |
|a Grande hall.
|
| 740 |
0 |
2 |
|a Remnants.
|
| 740 |
0 |
2 |
|a Phantom procession.
|
| 740 |
0 |
2 |
|a Belladonna.
|
| 740 |
0 |
2 |
|a Nursery rhyme.
|
| 740 |
0 |
2 |
|a Music box.
|
| 740 |
0 |
2 |
|a Forgotten.
|
| 740 |
0 |
2 |
|a Nightmare.
|
| 740 |
0 |
2 |
|a No rest for the wicked.
|
| 740 |
0 |
2 |
|a Omen.
|
| 740 |
0 |
2 |
|a Seance.
|
| 740 |
0 |
2 |
|a Beyond midnight.
|
| 740 |
0 |
2 |
|a Darkness immortal.
|
| 740 |
0 |
2 |
|a Incantation.
|
| 740 |
0 |
2 |
|a Resurrected.
|
| 948 |
|
|
|a cataloged
|b h
|c 2017/3/15
|d c
|e ceaton
|f 9:55:01 am
|
| 994 |
|
|
|a C0
|b TXA
|
| 999 |
f |
f |
|s 675369c0-cee1-32b1-b6b3-0d93dc61b46c
|i 4e30eb74-f8d4-35e0-9d6e-822f4bd57423
|t 0
|
| 952 |
f |
f |
|p ric
|a Texas A&M University
|b Rellis Campus
|c Joint Library Facility
|d Remote Storage
|t 0
|e M1630.18.N6995 D37 2003
|h Library of Congress classification
|i audio -- audio disc
|m A14843689994
|
| 998 |
f |
f |
|a M1630.18.N6995 D37 2003
|t 0
|l Remote Storage
|